000 02739nam a2200217Ia 4500
999 _c40639
_d40639
003 OSt
005 20200926162102.0
008 160316s1997 xxu||||| |||| 00| 0 eng d
020 _a9780391040106
040 _cnls
082 _a340.100000
_bCAU
100 _aCaudill David S
245 _aLacan and the subject of law : Toward a psychoanalytic critical legal theory
260 _aNew York
_bHumanity Books
_c1997
300 _a206p
_cxi
365 _b Rs. 1,543
505 _aAbout this Item: Duke University Press, United States, 1997. Hardback. Condition: New. Language: English. Brand new Book. Dead Subjects is an impassioned call for scholars in critical race and ethnic studies to engage with Lacanian psychoanalytic theory. Antonio Viego argues that Lacanian theory has the potential to begin rectifying the deeply flawed way that ethnic and racialized subjects have been conceptualized in North America since the mid-twentieth century. Viego contends that the accounts of human subjectivity that dominate the humanities and social sciences and influence U.S. legal thought derive from American ego psychology. Examining ego psychology in the United States during its formative years following World War II, Viego shows how its distinctly American misinterpretation of Freudian theory was driven by a faith in the possibility of rendering the human subject whole, complete, and transparent. Viego traces how this theory of the subject gained traction in the United States, passing into most forms of North American psychology, law, civil rights discourse, ethnic studies, and the broader culture.Viego argues that the repeated themes of wholeness, completeness, and transparency with respect to ethnic and racialized subjectivity are fundamentally problematic as these themes ultimately lend themselves to the project of managing and controlling ethnic and racialized subjects by positing them as fully knowable, calculable sums: as dead subjects. He asserts that the refusal of critical race and ethnic studies scholars to read ethnic and racialized subjects in a Lacanian framework-as divided subjects, split in language-contributes to a racist discourse. Focusing on theoretical, historical, and literary work in Latino studies, he mines the implicit connection between Latino studies' theory of the "border subject" and Lacan's theory of the "barred subject" in language to argue that Latino studies is poised to craft a critical multiculturalist, anti-racist Lacanian account of subjectivity while adding historical texture and specificity to Lacanian theory
650 _a1. Sociological Jurisprudence 2. Critical Legal Studies - Law - Methodology3. Psychoanalytic Interpretation
700 _a
_a
942 _2ddc
_cBK